Alternativas ecológicas a Madrid (Record no. 197280)

MARC details
000 -LEADER
campo de control de longitud fija 02153nim a2200457 i 4500
001 - NÚMERO DE CONTROL
campo de control 197280
003 - IDENTIFICADOR DE NÚMERO DE CONTROL
campo de control ES-MaACL
005 - FECHA Y HORA DE LA ÚLTIMA TRANSACCIÓN
campo de control 20250828062615.0
007 - CAMPO FIJO DE DESCRIPCIÓN FÍSICA--INFORMACIÓN GENERAL
campo de control de longitud fija ss lsnjlcipnne
008 - DATOS DE LONGITUD FIJA--INFORMACIÓN GENERAL
campo de control de longitud fija 250424s1991 sp nnnn |||| 00| spa d
040 ## - FUENTE DE CATALOGACIÓN
Lengua de catalogación spa
Centro/agencia transcriptor ES-MaACL
245 00 - MENCIÓN DEL TÍTULO
Título Alternativas ecológicas a Madrid
Medio [Grabación sonora] :
Resto del título conferencia /
Mención de responsabilidad, etc. intervienen Javier Sáenz Baku, Juan Gallego Luque, Jesús González Bravo y Jorge Martin Neira ; modera David M. Rivas
260 ## - PUBLICACIÓN, DISTRIBUCIÓN, ETC.
Lugar de publicación, distribución, etc. Madrid :
Nombre del editor, distribuidor, etc. Ateneo de Madrid,
Fecha de publicación, distribución, etc. 1991
300 ## - DESCRIPCIÓN FÍSICA
Extensión 2 casetes (ca. 180 min) :
Otras características físicas son. ;
Dimensiones 11 cm
336 ## - TIPO DE CONTENIDO
Fuente rdacontent
Término de tipo de contenido texto
337 ## - TIPO DE MEDIO
Fuente rdamedia
Nombre/término del tipo de medio sin mediación
338 ## - TIPO DE SOPORTE
Fuente rdacarrier
Nombre/término del tipo de soporte volumen
490 1# - MENCIÓN DE SERIE
Materiales especificados Actos culturales en el Ateneo de Madrid
511 ## - NOTA DE PARTICIPANTES O INTÉRPRETES
Nota de participantes o intérpretes Intervienen: Javier Sáenz Baku (miembro de la Federación de Madrid de los Verdes); Juan Gallego Luque (miembro de la Coordinadora de Defensa Ambiental); Jesús González Bravo (miembro de la Fundación Gondwana) y Jorge Martín Neira (miembro de los Verdes y de AEDENAT); modera David M. Rivas
518 ## - NOTA DE FECHA/HORA Y LUGAR DE UN ACONTECIMIENTO
Nota de fecha/hora y lugar de un acontecimiento Grabado el 19 de marzo de 1991 en el Salón de Actos del Ateneo de Madrid
520 ## - RESUMEN, ETC.
Sumario, etc. Conferencia sobre las alternativas ecológicas en Madrid
540 ## - NOTA DE CONDICIONES DE USO Y REPRODUCCIÓN
Condiciones de uso y reproducción Documento inédito
594 ## - Nota al título y mención de responsabilidad
a Datos basados en la invitación.
610 20 - PUNTO DE ACCESO ADICIONAL DE MATERIA--NOMBRE DE ENTIDAD CORPORATIVA
Nombre de entidad corporativa o nombre de jurisdicción como elemento de entrada Ateneo de Madrid-
Subdivisión general Actos culturales-
Subdivisión cronológica 1991-
Subdivisión de forma Grabaciones sonoras
9 (RLIN) 240452
650 #4 - PUNTO DE ACCESO ADICIONAL DE MATERIA--TÉRMINO DE MATERIA
9 (RLIN) 11999
Término de materia o nombre geográfico como elemento de entrada Ecología-
Subdivisión geográfica España
650 #7 - PUNTO DE ACCESO ADICIONAL DE MATERIA--TÉRMINO DE MATERIA
9 (RLIN) 167340
Término de materia o nombre geográfico como elemento de entrada Ecología vegetal-
Subdivisión geográfica Madrid (Comunidad Autónoma)
653 ## - TÉRMINO DE INDIZACIÓN--NO CONTROLADO
Término no controlado Archivo de la palabra
700 1# - ENTRADA AGREGADA--NOMBRE PERSONAL
9 (RLIN) 240481
Nombre de persona Sáenz Baku, Javier
Término indicativo de función/relación Orador
700 1# - ENTRADA AGREGADA--NOMBRE PERSONAL
9 (RLIN) 240482
Nombre de persona Gallego Luque, Juan
Término indicativo de función/relación Orador
700 1# - ENTRADA AGREGADA--NOMBRE PERSONAL
9 (RLIN) 240483
Nombre de persona González Bravo, Jesús
Término indicativo de función/relación Orador
700 ## - ENTRADA AGREGADA--NOMBRE PERSONAL
9 (RLIN) 240484
Nombre de persona Martín Neira, Jorge
Término indicativo de función/relación Orador
700 1# - ENTRADA AGREGADA--NOMBRE PERSONAL
Nombre de persona Rivas, David M.
Término indicativo de función/relación Moderador
9 (RLIN) 97554
710 2# - ENTRADA AGREGADA--NOMBRE DE ENTIDAD CORPORATIVA
9 (RLIN) 1875
Nombre de entidad corporativa o nombre de jurisdicción como elemento de entrada Ateneo de Madrid
Término indicativo de función/relación Sede
710 ## - ENTRADA AGREGADA--NOMBRE DE ENTIDAD CORPORATIVA
9 (RLIN) 240485
Nombre de entidad corporativa o nombre de jurisdicción como elemento de entrada Federación de Madrid de los Verdes
Término indicativo de función/relación Colaborador
830 #0 - PUNTO DE ACCESO ADICIONAL DE SERIE-TÍTULO UNIFORME
Título uniforme Actos culturales en el Ateneo de Madrid
9 (RLIN) 240237
852 ## - LOCALIZACIÓN
Ubicación ES-MaACL
Ubicación en estantería Depósito Z
Designación de la unidad física Cinta 1
itemnumber 205537
852 ## - LOCALIZACIÓN
Ubicación ES-MaACL
Ubicación en estantería Depósito Z
Designación de la unidad física Cinta 2
itemnumber 205538
942 ## - ELEMENTOS DE ENTRADA SECUNDARIOS (KOHA)
Fuente del sistema de clasificación o colocación Clasificación decimal universal
Suprimir en OPAC No
Tipo de ítem Koha Casete
Holdings
Estatus retirado Estado de pérdida Fuente del sistema de clasificación o colocación Especificación de materiales (volumen encuadernado u otra parte) Estado de daño No para préstamo Colección Biblioteca de origen Biblioteca actual Ubicación en estantería Fecha de adquisición Total de préstamos Signatura topográfica completa Código de barras Visto por última vez Precio de reemplazo Tipo de ítem Koha
    Clasificación decimal universal Cinta 1     Archivo de la palabra Biblioteca del Ateneo de Madrid Biblioteca del Ateneo de Madrid Depósito Z 14/05/2025   AP/1250 2025-0298 14/05/2025 14/05/2025 Casete
    Clasificación decimal universal Cinta 2     Archivo de la palabra Biblioteca del Ateneo de Madrid Biblioteca del Ateneo de Madrid Depósito Z 14/05/2025   AP/1251 2025-0299 14/05/2025 14/05/2025 Casete